000 00218 a2200097 4500
001 32916
100 _aImtiaz Ahmed
245 _aCricket Coaching [Urdu]
260 _aLahore
_bFeroz Sons
_c1997
090 _c22070
_d22070
942 _aNUST-CAE
_cM
_c13415
999 _c267989
_d267989